[Event "World Ch XIV Final"]
[Site "Cork World Ch XIV Final"]
[Date "1994.??.??"]
[Round "?"]
[White "Buj, Pablo"]
[Black "Lecroq, Michel"]
[Result "0-1"]
[WhiteElo "2370"]
[BlackElo "2570"]
[PlyCount "102"]
[EventDate "1994.??.??"]
[Source "www.chesslib.no"]
[SourceDate "2004.05.04"]

1. d4 Nf6 2. c4 c5 3. d5 e6 4. Nc3 exd5 5. cxd5 d6 6. e4 g6 7. f4 Bg7 8. Bb5+ Nfd7 9. a4 O-O 10. Nf3 Na6 11. O-O Nc7 12. Bc4 a6 13. Re1 Re8 14. e5 Nb6 15. Be2 Bg4 16. Qb3 Nc8 17. Qxb7 Ra7 18. Qb3 Bxf3 19. Bxf3 dxe5 20. Be3 Nd6 21. Bxc5 Rb7 22. Qc2 exf4 23. b4 Rb8 24. Rxe8+ Ncxe8 25. Rc1 a5 26. b5 Rc8 27. Qf2 Nf5 28. Ne2 Ned6 29. Kh1 g5 30. Qg1 Qf6 31. Qe1 Qg6 32. Bxd6 Rxc1 33. Nxc1 Nxd6 34. Qd1 Bf8 35. h3 Nf5 36. Nd3 h5 37. Ne5 Qh6 38. Nc4 g4 39. Bxg4 hxg4 40. Qxg4+ Ng7 41. Kh2 f3 42. gxf3 Qc1 43. b6 Qc2+ 44. Kg3 f5 45. Ne3 Bd6+ 46. f4 Qe4 47. Qf3 Qxa4 48. Qe2 Qxf4+ 49. Kg2 Qg3+ 50. Kf1 f4 51. Ng4 f3 0-1

[Event "Oldenburg"]
[Site "?"]
[Date "2000.??.??"]
[Round "?"]
[White "Gofshtein Leonid D"]
[Black "Wesseln Kai"]
[Result "1-0"]
[WhiteElo "2580"]
[BlackElo "2356"]
[PlyCount "75"]
[EventDate "2000.??.??"]
[Source "www.chesslib.no"]
[SourceDate "2004.05.04"]

1. d4 Nf6 2. c4 c5 3. d5 e6 4. Nc3 exd5 5. cxd5 d6 6. e4 g6 7. f4 Bg7 8. Bb5+ Nfd7 9. Bd3 O-O 10. Nf3 Na6 11. O-O Nc7 12. a4 b6 13. Re1 Bb7 14. Be3 a6 15. Rc1 Re8 16. Bf2 Qe7 17. Bc4 Bxc3 18. bxc3 b5 19. Bd3 Nb6 20. a5 Nd7 21. c4 f6 22. h4 Qg7 23. h5 g5 24. fxg5 fxg5 25. Bg3 Ne5 26. Nxe5 Rxe5 27. Bxe5 Qxe5 28. Rf1 bxc4 29. Bxc4 Qxe4 30. Qd2 Bxd5 31. Qxg5+ Kh8 32. Qf6+ Kg8 33. Bxd5+ Nxd5 34. Qxd6 Re8 35. Qxc5 Kg7 36. Rf3 Kh6 37. Rcf1 Rg8 38. Qd6+ 1-0

[Event "Memorial Lichtenstein (cat.8)"]
[Site "Elkana (Israel)"]
[Date "2007.07.16"]
[Round "2"]
[White "Kantsler Boris (ISR)"]
[Black "Nabaty T"]
[Result "1/2-1/2"]
[WhiteElo "2509"]
[BlackElo "2421"]
[PlyCount "74"]
[EventDate "2007.??.??"]
[Source "www.chesslib.no"]
[SourceDate "2004.05.04"]

1. d4 Nf6 2. c4 c5 3. d5 e6 4. Nc3 exd5 5. cxd5 d6 6. e4 g6 7. f4 Bg7 8. Bb5+ Nfd7 9. a4 O-O 10. Nf3 Na6 11. O-O Nb4 12. Re1 a6 13. Bf1 Re8 14. Bd2 f5 15. exf5 gxf5 16. Rxe8+ Qxe8 17. Qb3 Nf6 18. Re1 Qh5 19. Be2 Qg6 20. Ng5 h6 21. Ne6 Bxe6 22. dxe6 d5 23. a5 Re8 24. Na4 Ne4 25. Be3 d4 26. Nxc5 Nc6 27. Nxe4 fxe4 28. Qxb7 Nd8 29. Qxa6 dxe3 30. Bb5 Rxe6 31. Bc4 Kh7 32. Bxe6 Nxe6 33. Qd6 Qf5 34. a6 Nxf4 35. Rxe3 Nd5 36. Re1 Be5 37. Qc5 e3 1/2-1/2

[Event "Catalunya Team Ch"]
[Site "Catalunya"]
[Date "1996.??.??"]
[Round "?"]
[White "Comas Fabrego, Luis"]
[Black "Martin Gonzalez, Angel"]
[Result "1/2-1/2"]
[WhiteElo "2470"]
[BlackElo "2455"]
[PlyCount "71"]
[EventDate "1996.??.??"]
[Source "www.chesslib.no"]
[SourceDate "2004.05.04"]

1. d4 Nf6 2. c4 c5 3. d5 e6 4. Nc3 exd5 5. cxd5 d6 6. e4 g6 7. f4 Bg7 8. Bb5+ Nbd7 9. e5 dxe5 10. fxe5 Nh5 11. e6 Qh4+ 12. g3 Nxg3 13. hxg3 Qxh1 14. exd7+ Bxd7 15. Bxd7+ Kxd7 16. Qg4+ f5 17. Qa4+ Kc8 18. Be3 Bxc3+ 19. bxc3 Qxd5 20. Rd1 Qc6 21. Qc4 b6 22. Qa6+ Qb7 23. Qa4 Rd8 24. Rxd8+ Kxd8 25. Bg5+ Kc7 26. Bf4+ Kd8 27. Kf2 Qe4 28. Qb3 Kd7 29. Qb5+ Ke7 30. Nf3 Re8 31. Ne5 Qd5 32. Qa4 a6 33. Bg5+ Kf8 34. Bh6+ Ke7 35. Bg5+ Kf8 36. Bh6+ 1/2-1/2

[Event "Alicante ESP"]
[Site "?"]
[Date "2000.??.??"]
[Round "8"]
[White "Moskalenko Viktor"]
[Black "Janev Evgeni"]
[Result "1/2-1/2"]
[WhiteElo "2508"]
[BlackElo "2413"]
[PlyCount "106"]
[EventDate "2000.??.??"]
[Source "www.chesslib.no"]
[SourceDate "2004.05.04"]

1. d4 Nf6 2. c4 c5 3. d5 e6 4. Nc3 exd5 5. cxd5 d6 6. e4 g6 7. f4 Bg7 8. Bb5+ Nfd7 9. a4 O-O 10. Nf3 Na6 11. O-O Nb4 12. Re1 a6 13. Bf1 Re8 14. h3 b6 15. Be3 Bb7 16. Bc4 Rb8 17. Bf2 Ba8 18. Bh4 Bf6 19. Bg3 Bd4+ 20. Nxd4 cxd4 21. Na2 b5 22. axb5 axb5 23. Bb3 Nxa2 24. Bxa2 Qf6 25. Qd2 d3 26. Rad1 Rbc8 27. Bb1 Nc5 28. e5 dxe5 29. fxe5 Qb6 30. Bf2 Qb7 31. b4 Nd7 32. Qxd3 Nxe5 33. Qg3 Nc4 34. Rxe8+ Rxe8 35. d6 Qd7 36. Ba2 Bc6 37. Bxc4 bxc4 38. Rd2 Qe6 39. Kh2 h5 40. Bd4 Qf5 41. Bb2 Bd7 42. Qc3 f6 43. Qxc4+ Kg7 44. Qd4 Re4 45. Qf2 Rxb4 46. Qxf5 gxf5 47. Bd4 Bc6 48. Bc3 Rb7 49. Ba5 Kf7 50. Bc7 Ke6 51. Rc2 Be4 52. Rd2 Bc6 53. Kg3 Rb5 1/2-1/2